00856nam a2200205 a 450000100100000000500170001000800410002704000250006808200220009310000310011524500610014625000330020726000530024030000210029365100410031465100480035591000370040395201930044099900170063300003531020200930074240.0111027s1957 mx 000 0 spa d aDO-SdBNPbspacBNPHU a972.9bO88e, 19571 aOts Capdequi, J. M.96107813aEl estado español en las Indias /cJ. M. Ots Capdequi. a3a ed. corregida y aumentada aMéxico :bFondo de Cultura Económica,c1957. a202 p. ;c22 cm. 4aEspañaxColoniaszAmérica958954 4aEspañaxColoniasxAdministración934070 aValidado. Control de calidad MFF 001050718RVaGRbGRcHDd2011-10-27iLF1l0o972.9 O88e, 1957p35310-10r2020-06-25w2020-06-25y1zPerteneció a la biblioteca personal de Juan Isidro Jimenes- GrullónZNo se presta c34801d34801